000 00855nam a22001337a 4500
040 _cRUA
082 _aAVM HAI 2007 B079 Or.1
100 _aHAI, HIM.
245 _aeffect of using dry groundnut leaves on growth rate of avian at animal experimental station of royal university of agriculture (ប្រសិទ្ធភាពនៃការប្រើប្រាស់ស្លឹកសណ្តែកដីក្រៀមទៅលើការលូតលាស់របស់មាន់សាច់ពូជ avian នៅស្ថានីយ៍ពិសោធន៍សត្វនៃសាកលវីទ្យាល័យភូមិន្ទកសិកម្ម)
260 _aPhnom Penh
_bRUA
_c2007
300 _axi, 51p.
_bill.
_c29cm.
856 _uhttps://drive.google.com/file/d/1YuvO6IwUQrlerM-LGUMluQnXeAQblLQO/view?usp=sharing
942 _cAVM
999 _c2210
_d2210